000 00561nam a2200181Ia 4500
003 GCL
008 140319s9999 xx 000 0 ara d
040 _aGCL /
_cGCL
082 0 4 _aط
_b004
_bم ح
100 1 _aامانى عبدالفتاح
245 1 0 _aالحاسبة الالكترونية /
_cامانى عبدالفتاح
700 1 _aمنذر الكتريتى
260 _a[S.N] :
_bمطبعة سومر ،
_c1989
300 _a22 ص ؛
_c24 سم
650 0 4 _aالاطفال
650 0 4 _aالحاسبات الالكترونية
942 _2ddc
_cBK
999 _c45600
_d45600